MARC details
| 000 -LEADER |
| fixed length control field |
04031cam a2200385 a 4500 |
| 001 - CONTROL NUMBER |
| control field |
14831101 |
| 003 - CONTROL NUMBER IDENTIFIER |
| control field |
ARRUPE |
| 005 - DATE AND TIME OF LATEST TRANSACTION |
| control field |
20170408135321.0 |
| 008 - FIXED-LENGTH DATA ELEMENTS--GENERAL INFORMATION |
| fixed length control field |
070502s2007 inu b 001 0 eng |
| 010 ## - LIBRARY OF CONGRESS CONTROL NUMBER |
| LC control number |
2007018579 |
| 015 ## - NATIONAL BIBLIOGRAPHY NUMBER |
| National bibliography number |
GBA745455 |
| Source |
bnb |
| 016 7# - NATIONAL BIBLIOGRAPHIC AGENCY CONTROL NUMBER |
| Record control number |
013767495 |
| Source |
Uk |
| 020 ## - INTERNATIONAL STANDARD BOOK NUMBER |
| International Standard Book Number |
9780872208711 (pbk. : alk. paper) |
| 020 ## - INTERNATIONAL STANDARD BOOK NUMBER |
| International Standard Book Number |
0872208710 (pbk. : alk. paper) |
| 020 ## - INTERNATIONAL STANDARD BOOK NUMBER |
| International Standard Book Number |
9780872208728 (cloth : alk. paper) |
| 020 ## - INTERNATIONAL STANDARD BOOK NUMBER |
| International Standard Book Number |
0872208729 (cloth : alk. paper) |
| 035 ## - SYSTEM CONTROL NUMBER |
| System control number |
(OCoLC)ocn123969024 |
| 035 ## - SYSTEM CONTROL NUMBER |
| System control number |
(OCoLC)123969024 |
| 040 ## - CATALOGING SOURCE |
| Original cataloging agency |
DLC |
| Transcribing agency |
DLC |
| Modifying agency |
DLC |
| 041 1# - LANGUAGE CODE |
| Language code of text/sound track or separate title |
eng |
| Language code of original and/or intermediate translations of text |
ara |
| 050 00 - LIBRARY OF CONGRESS CALL NUMBER |
| Classification number |
B741 |
| Item number |
.C52 2007 |
| 082 00 - DEWEY DECIMAL CLASSIFICATION NUMBER |
| Classification number |
181/.92 |
| Edition number |
22 |
| 300 ## - PHYSICAL DESCRIPTION |
| Dimensions |
23 cm. |
| 245 00 - TITLE STATEMENT |
| Title |
Classical Arabic philosophy : |
| Remainder of title |
an anthology of sources / |
| Statement of responsibility, etc |
translated with introduction, notes, and glossary by Jon McGinnis and David C. Reisman. |
| 260 ## - PUBLICATION, DISTRIBUTION, ETC. (IMPRINT) |
| Place of publication, distribution, etc |
Indianapolis : |
| Name of publisher, distributor, etc |
Hackett Pub. Company, |
| Date of publication, distribution, etc |
c2007. |
| 300 ## - PHYSICAL DESCRIPTION |
| Extent |
xxxi, 427 p. ; |
| 504 ## - BIBLIOGRAPHY, ETC. NOTE |
| Bibliography, etc |
Includes bibliographical references (p. 394-402) and index. |
| 505 0# - FORMATTED CONTENTS NOTE |
| Formatted contents note |
Introduction -- Falsafa and the arabic translation movement -- The intellectual world of the ancient and medieval mediterranean -- The physical theory and cosmology of islamic speculative theology (kalām) -- Al-Kindī: The explanation of the proximate efficient cause for generation and corruption -- On the intellect -- On divine unity and the finitude of the world's body -- The one true and complete agent and the incomplete metaphorical "agent" -- On the means of dispelling sorrows -- Ar-Rāzī: The philosopher's way of life -- On the five eternals -- Selections from doubts against Galen -- Al-Fārābī -- The eisagōgē; the introduction -- Selections from Book of demonstration -- On the intellect -- The aims of Aristotle's Metaphysics -- The principles of existing things -- Directing attention to the way to happiness. Baghdad peripatetics: Abū Bishr Mattá: selections from Abū Bishr Mattá's Commentary on Aristotle's Physics, ii 7/9 -- Yaḥyá ibn ʻĀdī: Selection from establishing the nature of the possible -- Abū Sulaymān as-Sijistānī: selection from on the proper perfection of the human species -- Ibn Sīnān -- The Cure, "Book of demonstration," i.9, On induction and methodic experience and what makes it necessary -- The Cure, "Book of demonstration," iii.5 -- The Cure, "Physics," i.2, enumerating the principles of physics by postulate and thesis -- Selections on atomism from the Cure, "Physics" -- Selections on "inclination" (mayl) and projectile motion -- Selections on psychology from the cure, "the soul" -- The Salvation, "Metaphysics," i.12 -- The Salvation, "Metaphysics," ii.1/5 -- The Salvation, "Metaphysics," ii.12/13 -- The Salvation, "Metaphysics," ii.18/19 -- The Cure, "Metaphysics," iv.2, on governance -- Al-Ghazālī: Concerning that on which true demonstration is based -- The Incoherence of the philosophers, "the first discussion," on refuting their claim of the world's eternity -- On power -- Ibn Bajjá: Selection from commentary on Aristotle's "Physics" -- Conjunction of the intellect with man -- Ibn Ṭufayl: Selections from Ḥayy ibn Yaqẓān -- Ibn Rushd: Selections from the Incoherence of the Incoherence, "first discussion" -- The decisive treatise -- Commentary on Metaphysics, zeta 9 -- Selections from the long commentary on the soul -- Commentary on Metaphysics, delta 7 -- As-Suhrawardī: Selections from the philosophy of illumination -- Glossary / Index -- Notes -- Bibliography. |
| 546 ## - LANGUAGE NOTE |
| Language note |
Translated from the Arabic. |
| 650 #0 - SUBJECT ADDED ENTRY--TOPICAL TERM |
| Topical term or geographic name as entry element |
Islamic philosophy. |
| 9 (RLIN) |
29734 |
| 700 1# - ADDED ENTRY--PERSONAL NAME |
| Personal name |
McGinnis, Jon. |
| 9 (RLIN) |
29735 |
| 700 1# - ADDED ENTRY--PERSONAL NAME |
| Personal name |
Reisman, David C. |
| 9 (RLIN) |
29736 |
| 856 41 - ELECTRONIC LOCATION AND ACCESS |
| Materials specified |
Table of contents only |
| Uniform Resource Identifier |
<a href="http://www.loc.gov/catdir/toc/ecip0717/2007018579.html">http://www.loc.gov/catdir/toc/ecip0717/2007018579.html</a> |
| 906 ## - LOCAL DATA ELEMENT F, LDF (RLIN) |
| a |
7 |
| b |
cbc |
| c |
orignew |
| d |
1 |
| e |
ecip |
| f |
20 |
| g |
y-gencatlg |
| 942 ## - ADDED ENTRY ELEMENTS (KOHA) |
| Source of classification or shelving scheme |
Library of Congress Classification |
| Koha item type |
Monograph ( Printed materials) |